<?xml version="1.0" encoding="UTF-8"?>
<record
    xmlns:xsi="http://www.w3.org/2001/XMLSchema-instance"
    xsi:schemaLocation="http://www.loc.gov/MARC21/slim http://www.loc.gov/standards/marcxml/schema/MARC21slim.xsd"
    xmlns="http://www.loc.gov/MARC21/slim">

  <leader>00980nam a22002057a 4500</leader>
  <controlfield tag="008">110909t        xxu||||| |||| 00| 0 eng d</controlfield>
  <datafield tag="020" ind1=" " ind2=" ">
    <subfield code="a">0262560461 9780262560467</subfield>
  </datafield>
  <datafield tag="050" ind1=" " ind2=" ">
    <subfield code="a">BH301.M54 F75 </subfield>
  </datafield>
  <datafield tag="100" ind1=" " ind2=" ">
    <subfield code="a">Frisby, David, </subfield>
  </datafield>
  <datafield tag="245" ind1=" " ind2=" ">
    <subfield code="a">Fragments of modernity : theories of modernity in the work of Simmel, Kracauer, and Benjamin /</subfield>
    <subfield code="c">David Frisby</subfield>
  </datafield>
  <datafield tag="250" ind1=" " ind2=" ">
    <subfield code="a">1st MIT Press ed</subfield>
  </datafield>
  <datafield tag="260" ind1=" " ind2=" ">
    <subfield code="a">Cambridge, Mass. : </subfield>
    <subfield code="b">MIT Press, </subfield>
    <subfield code="c">1986</subfield>
  </datafield>
  <datafield tag="300" ind1=" " ind2=" ">
    <subfield code="a">viii, 319 p. ; </subfield>
    <subfield code="c">24 cm.</subfield>
  </datafield>
  <datafield tag="500" ind1=" " ind2=" ">
    <subfield code="a">Includes index</subfield>
  </datafield>
  <datafield tag="505" ind1=" " ind2=" ">
    <subfield code="a">Contents: Introduction -- Modernite -- George Simmel: Modernity as an eternal present -- Siegfried Kracauer: Exemplary instances of modernity -- Walter Benjamin: Prehistory of modernity -- Conclusion -- Notes</subfield>
  </datafield>
  <datafield tag="650" ind1=" " ind2=" ">
    <subfield code="a">Simmel, Georg, </subfield>
    <subfield code="x">858-1918</subfield>
    <subfield code="x">Views on modernism (Aesthetics) </subfield>
  </datafield>
  <datafield tag="650" ind1=" " ind2=" ">
    <subfield code="a">Benjamin, Walter, </subfield>
    <subfield code="x">1892-1940 </subfield>
    <subfield code="x">Views on modernism (Aesthetics)</subfield>
  </datafield>
  <datafield tag="650" ind1=" " ind2=" ">
    <subfield code="a">Kracauer, Siegfried,</subfield>
    <subfield code="x"> 1889-1966 </subfield>
    <subfield code="x">Views on modernism (Aesthetics)</subfield>
  </datafield>
  <datafield tag="942" ind1=" " ind2=" ">
    <subfield code="2">lcc</subfield>
    <subfield code="c">BK</subfield>
  </datafield>
  <datafield tag="999" ind1=" " ind2=" ">
    <subfield code="c">90</subfield>
    <subfield code="d">7590</subfield>
  </datafield>
  <datafield tag="952" ind1=" " ind2=" ">
    <subfield code="0">0</subfield>
    <subfield code="1">0</subfield>
    <subfield code="2">lcc</subfield>
    <subfield code="4">0</subfield>
    <subfield code="7">0</subfield>
    <subfield code="a">WIUC-1</subfield>
    <subfield code="b">WIUC-1</subfield>
    <subfield code="c">GEN</subfield>
    <subfield code="d">2011-09-09</subfield>
    <subfield code="l">0</subfield>
    <subfield code="o">BH301.M54 F75</subfield>
    <subfield code="p">232/11</subfield>
    <subfield code="r">2011-09-09 00:00:00</subfield>
    <subfield code="t">1</subfield>
    <subfield code="w">2011-09-09</subfield>
    <subfield code="y">BK</subfield>
  </datafield>
</record>
